Прискорений курс французької мови (Запис № 306442)

МАРК-запис
000 -Лідер
fixed length control field 00748nam a22002537a 4500
003 - Ідентифікатор контрольного номера
control field UA-OsUOA
001 - Контрольний номер
control field 20267
007 - Фіксоване поле фізичного опису
fixed length control field ta
008 - Елементи даних фіксованої довжини – загальна інформація
fixed length control field 20031020b un ||||| |||| 00| 0 ukr d
090 ## - Локальний шифр розміщення
Класифікаційний індекс УДК 811.133.1(075)
Авторський знак (НП) М22
040 ## - Джерело каталогізації
Агенція оригінальної каталогізації UA-OsUOA
Мова каталогізації ukr
Агенція, яка здійснювала перезапис UA-OsUOA
Агенція, яка здійснювала модифікацію UA-OsUOA
041 ## - Код мови
Код мови тексту/ звукової доріжки чи окремого заголовка (П) ukr
080 ## - Індекс Універсальної десяткової класифікації
Індекс Універсальної десяткової класифікації (УДК) (НП) 811.133.1(075)
020 ## - Міжнародний стандартний книжковий номер (ISBN)
Міжнародний стандартний книжковий номер (ISBN) (НП) 5-11-004383-3
044 ## - Код країни видавця/ виробника
Код країни видавця/ виробника (П) UA
100 ## - Основне введення – ім’я особи
Ім’я особи (НП) Мамотенко М. П.
245 ## - Відомості про назву
Назва (НП) Прискорений курс французької мови
Решта назви (НП) підручник
260 ## - Публікація, розповсюдження і т.п. (Вихідні дані)
Місце публікації, розповсюдження і т.п. (П) К.
Ім’я/ наймення видавництва, розповсюджувача і т.п. (П) Вища школа
Дата публікації, розповсюдження і т.п. (П) 1994
300 ## - Фізичний опис
Обсяг 319 с.
650 #7 - Додаткове предметне введення – тематичний термін
Тематичний термін чи географічна назва, як елемент введення (НП) 8 Мовознавство. Художня література. Літературознавство
Джерело заголовка чи терміна UDC
942 ## - Додаткові елементи входу (Коха)
Тип елемента Koha Книги
955 ## - Код типу видання за змістом
Код типу видання за змістом (НП) Навчальні видання
Фонди
Стан вилучень Стан втрат Джерело класифікації або схеми стелажів Стан уражень Не для кредиту Постійне місце розташування Поточне розміщення Дата придбання Інвентарний номер Усього замовленно Повний номер виклику Штрих-код Дата останнього перегляду Ціна ефективна від Тип елемента Koha
    Universal Decimal Classification     АБ - Абонемент НБ АБ - Абонемент НБ 20/10/2003 1517   811.133.1(075) М22 1517 12/01/2022 20/10/2003 Книги
    Universal Decimal Classification     АБ - Абонемент НБ АБ - Абонемент НБ 20/10/2003 1630   811.133.1(075) М22 1630 11/01/2022 20/10/2003 Книги
    Universal Decimal Classification     АБ - Абонемент НБ АБ - Абонемент НБ 24/07/2007 1633   811.133.1(075) М22 1633 11/01/2022 20/10/2003 Книги
    Universal Decimal Classification     АБ - Абонемент НБ АБ - Абонемент НБ 20/10/2003 1636   811.133.1(075) М22 1636 11/01/2022 20/10/2003 Книги
    Universal Decimal Classification     АБ - Абонемент НБ АБ - Абонемент НБ 20/10/2003 1639   811.133.1(075) М22 1639 11/01/2022 20/10/2003 Книги